Score 0/100 Timer 12:00
19 Plays Today
# Name % Correct
18.John
89.8%
2.Michael
86%
17.James
81.7%
4.Matthew
79.7%
10.William
77.3%
13.David
76.5%
5.Christopher
73%
7.Daniel
72.8%
35.Robert
72.8%
6.Andrew
72.2%
37.Thomas
72%
30.Jose
70%
1.Jacob
69.1%
66.Alex
68.9%
41.Jack
68.4%
9.Joseph
66.6%
77.Steven
65.3%
15.Ryan
63.6%
26.Benjamin
61.2%
61.Brian
61.1%
3.Joshua
60.7%
46.Luke
60.4%
25.Samuel
60.1%
60.Adam
59%
88.Richard
58.8%
12.Nicholas
58.4%
33.Kevin
58.3%
14.Alexander
56.5%
79.Timothy
54.6%
27.Nathan
54.5%
11.Anthony
54.5%
47.Jason
54.3%
58.Charles
54.3%
19.Jonathan
53.7%
# Name % Correct
16.Tyler
53.4%
29.Justin
52.9%
62.Eric
52.8%
23.Zachary
52.8%
53.Kyle
52.1%
50.Aaron
50.6%
64.Sean
50.1%
20.Brandon
49.5%
96.Patrick
49.2%
8.Ethan
44.4%
63.Lucas
44.2%
38.Jordan
44%
69.Bryan
41.2%
70.Ian
40.6%
45.Evan
40.2%
71.Jesus
39.3%
44.Jackson
39.2%
21.Christian
38.6%
22.Dylan
37.2%
24.Noah
36.9%
51.Connor
36.7%
56.Juan
33.6%
65.Nathaniel
33.6%
32.Austin
33.5%
48.Isaac
33.3%
39.Cameron
33.2%
59.Aiden
32.8%
34.Caleb
30.4%
84.Cody
29.7%
68.Carlos
29.6%
28.Logan
29.4%
99.Jesse
28.9%
72.Owen
28.1%
49.Mason
27.7%
# Name % Correct
40.Hunter
27.6%
31.Gabriel
27.4%
85.Seth
27.2%
74.Cole
26.4%
36.Elijah
25.3%
82.Xavier
25.3%
87.Blake
25.3%
78.Chase
25.2%
55.Aidan
24.9%
89.Carter
23.9%
80.Jeremiah
23.4%
43.Isaiah
23%
54.Jayden
22.8%
83.Devin
22.4%
52.Gavin
22.4%
94.Miguel
21.9%
73.Julian
21.8%
86.Hayden
20.8%
75.Landon
20.4%
92.Antonio
20.4%
100.Tristan
20.2%
91.Dominic
20.1%
67.Adrian
20.1%
95.Brayden
19.7%
98.Carson
19.5%
42.Angel
19.3%
93.Jaden
19.1%
90.Wyatt
18.8%
57.Luis
18.8%
81.Sebastian
18.4%
97.Alejandro
16.6%
76.Diego
16.1%
Remove Ads.
Support Sporcle.
Get the best of Sporcle when you Go Orange. This ad-free experience offers more features, more stats, and more fun while also helping to support Sporcle. Thank you for becoming a member.

You're not logged in!

Compare scores with friends on all Sporcle quizzes.
OR
Log In

Show Comments

Extras

Top Quizzes Today


Score Distribution

Your Account Isn't Verified!

In order to create a playlist on Sporcle, you need to verify the email address you used during registration. Go to your Sporcle Settings to finish the process.

Report this User

Report this user for behavior that violates our Community Guidelines.

Details: